Chess Quiz #1 - Statistics

General Stats
  • This quiz has been taken 67 times
  • The average score is 9 of 10
Answer Stats
Question Answer % Correct
Which piece can only move diagonally? Bishop
97%
What is it called when you win? Checkmate
95%
How does a rook move? Left, right, up, and down
95%
Which is the most powerful piece? Queen
95%
How does a knight move? Step twice, then once to the side
95%
Which piece do you need to protect? King
93%
Which piece can jump over other pieces? Knight
92%
What piece can move like a rook or like a bishop? Queen
87%
Which piece is the tallest? King
73%
Where was chess invented? India
72%
No matching quizzes found
Score Distribution
Percent of People with Each Score
Percentile by Number Answered
Your Score History
You have not taken this quiz